Tilastot visalle Maailman pisimmät joet kartalla

Klikkaa tästä pelataksesi tätä visaa!

Yleistilastot

  • Tätä visaa on pelattu 59 kertaa
  • Keskiarvotulos 9 / 15

Vastaukset kartalla

Vastauksille on annettu kartalla punavihreä väri sen mukaan, kuinka moni on saanut sen oikein.
 

Vastaustilastot

joki% Oikein
Amazon
98%
Niili
98%
Mississippi
89%
Keltainen
81%
Missouri
68%
Kongo
64%
Niger
60%
Ob
57%
Jangtse
55%
Lena
55%
Amur
47%
Mekong
47%
Jenisei
43%
Mackenzie
28%
Paraná
26%

Tulosjakauma

Persentiili vastausten määrän mukaan

Jokaisen tuloksen saaneiden osuus

Tuloshistoriasi

Et ole pelannut tätä visaa